| 000 | 00000cam 2200000zi 4500 |
| 001 | 9.957548 |
| 003 | CaOODSP |
| 005 | 20260528151448 |
| 006 | m o d f |
| 007 | cr cn||||||||| |
| 008 | 251121t20252025onca os f000 0 fre d |
| 020 | |a9780660798608 |
| 040 | |aCaOODSP|bfre|erda|cCaOODSP |
| 043 | |an-cn--- |
| 045 | |ay1y2 |
| 086 | 1 |aT94-60/8-2025F-PDF |
| 245 | 00|aAperçu des données sur l'itinérance : |banalyse sur le flux de sortie dans les refuges. |
| 264 | 1|aOttawa (Ontario) : |bLogement, infrastructures et collectivités Canada, |c[2025] |
| 264 | 4|c©2025 |
| 300 | |a1 ressource en ligne (16 pages non numérotées) : |billustrations en couleur |
| 336 | |atexte|btxt|2rdacontent/fre |
| 337 | |ainformatique|bc|2rdamedia/fre |
| 338 | |aressource en ligne|bcr|2rdacarrier/fre |
| 500 | |aPublié aussi en anglais sous le titre : Homelessness data snapshot: an exploratory analysis of the outflow of shelter users. |
| 520 | |a« Cet aperçu décrit le flux de sorties des refuges d'urgence au Canada entre 2018-19 et 2023-24. Le flux de sortie est le taux auquel les personnes quittent le système des refuges. Cette analyse peut aider à mesurer les progrès accomplis dans la réalisation de l'objectif de réduction de l'itinérance et fournir des informations permettant de mieux comprendre les flux dans le système des refuges d'urgence. Le gouvernement fédéral surveille l'utilisation des refuges en mesurant le nombre d'utilisateurs par an, mais ce n'est qu'une façon parmi d'autres d'évaluer les efforts déployés pour mettre fin à l'itinérance. Il est également important d'évaluer les mesures préventives en amont et les résultats en aval afin de déterminer si le système réduit efficacement l'itinérance. … » -- Introduction, page [1]. |
| 650 | 6|aItinérance|zCanada|vStatistiques. |
| 650 | 6|aPersonnes sans-abri|zCanada|vStatistiques. |
| 650 | 6|aPersonnes sans-abri|xLogement|zCanada|vStatistiques. |
| 655 | 7|aStatistiques|2rvmgf |
| 710 | 1 |aCanada. |bLogement, infrastructures et collectivités Canada, |eorganisme de publication. |
| 775 | 08|tHomelessness data snapshot : |w(CaOODSP)9.957547 |
| 856 | 40|qPDF|s566 Ko|uhttps://publications.gc.ca/collections/collection_2026/licc-hicc/T94-60-8-2025-fra.pdf |
| 856 | 4 |qHTML|sS.O.|uhttps://logement-infrastructure.canada.ca/homelessness-sans-abri/reports-rapports/outflow-shelter-users-flux-sortie-refuges-fra.html |